000 00424nam a2200181Ia 4500
008 221030s9999 xx 000 0 und d
020 _a0070995427
041 _aEnglish
082 _a105.23
_bRic
100 _aF. K. Richtmyer
245 0 _aIntroductiion to Modern Physics
260 _bTMH
_aNew Delhi
_c1997
300 _a767
650 _aPhysics
700 _aE. H. Kennard
700 _aJ. N. Cooper
942 _cBK
999 _c1183
_d1183